| 000 | 01243nam a2200313 i 4500 | ||
|---|---|---|---|
| 003 | DO-SdBNP | ||
| 005 | 20251009140947.0 | ||
| 007 | ta | ||
| 008 | 250721b2016 xxuac||| |||| 00| 0 spa d | ||
| 020 | _a9781541138735 | ||
| 020 | _a1541138732 | ||
| 040 |
_aDO-SdBNP _bspa _cBNPHU _erda |
||
| 041 | _aspa | ||
| 082 | 4 |
_aRD863.44 _bG216n _222 |
|
| 100 | 1 |
_aGarcía Burgos, Freddy, _eautor _4aut. _988395 |
|
| 245 | 1 | 3 |
_aLa novela : _b“12 años”/ _cFreddy García Burgos ; revisión y corrección, Mercedes Aracena. |
| 264 | 4 |
_aEstados Unidos de América : _bEditorial Pie de Amigos, _c©2016. |
|
| 300 |
_a198 páginas : _eilustraciones, retratos ; _c22 cm. |
||
| 336 |
_atexto _btxt _2rdacontent |
||
| 337 |
_asin mediación _bn _2rdamedia |
||
| 338 |
_avolumen _bnc _2rdacarrier |
||
| 505 | _aDedicatoria -- Puerta de entrada -- Introducción -- El escenario -- 1966 -- 1967 -- 1968-1969 -- 1970 -- 1971-- 1972 -- 1973 --1974 -- 1975 -- 1976-1977 -- 1978 -- Puerta de salida. | ||
| 590 | _aInventariado, 2025 /LP | ||
| 650 | 4 |
_aNovela histórica dominicana. _9860 |
|
| 650 | 4 |
_aLiteratura dominicana. _967 |
|
| 700 | 1 |
_aAracena, Mercedes, _ecorrector _4corr. _975603 |
|
| 910 | _aLP. Validado. Control de Calidad/MAA | ||
| 942 |
_2ddc _cLBS1 |
||
| 999 |
_c59582 _d59582 |
||